[Event "ABC 2025 Groep C"]
[Site "Utrecht"]
[Date "2025.03.16"]
[Round "7.1"]
[White "Zhang, Xiheng"]
[Black "Etienne, Ghilon"]
[Result "1/2-1/2"]
[WhiteFideId "8939645"]
[BlackFideId "8852118"]
[WhiteElo "1928"]
[BlackElo "1972"]

1. e4 {[%clk 00:55:19]} e5 {[%clk 00:55:14]} {[%emt 00:00:06]} 2. Nf3 {[%clk
00:55:21]} {[%emt 00:00:08]} Nc6 {[%clk 00:55:21]} {[%emt 00:00:04]} 3. Bc4
{[%clk 00:55:24]} {[%emt 00:00:06]} Nf6 {[%clk 00:55:27]} {[%emt 00:00:04]} 4.
Ng5 {[%clk 00:55:23]} {[%emt 00:00:10]} d5 {[%clk 00:55:33]} {[%emt 00:00:05]}
5. exd5 {[%clk 00:55:23]} {[%emt 00:00:10]} Na5 {[%clk 00:55:40]} {[%emt
00:00:04]} 6. Bb5+ {[%clk 00:55:24]} {[%emt 00:00:09]} c6 {[%clk 00:55:35]}
{[%emt 00:00:13]} 7. dxc6 {[%clk 00:55:29]} {[%emt 00:00:06]} bxc6 {[%clk
00:55:42]} {[%emt 00:00:03]} 8. Be2 {[%clk 00:55:24]} {[%emt 00:00:15]} h6
{[%clk 00:55:43]} {[%emt 00:00:09]} 9. Nf3 {[%clk 00:55:28]} {[%emt 00:00:05]}
e4 {[%clk 00:55:50]} {[%emt 00:00:04]} 10. Ne5 {[%clk 00:55:35]} {[%emt
00:00:04]} Bc5 {[%clk 00:55:45]} {[%emt 00:00:15]} 11. O-O {[%clk 00:54:00]}
{[%emt 00:01:45]} O-O {[%clk 00:55:37]} {[%emt 00:00:17]} 12. c3 {[%clk
00:52:08]} {[%emt 00:02:02]} Bd6 {[%clk 00:55:30]} {[%emt 00:00:17]} 13. d4
{[%clk 00:49:54]} {[%emt 00:02:24]} Qc7 {[%clk 00:52:40]} {[%emt 00:03:00]} 14.
Bf4 {[%clk 00:48:14]} {[%emt 00:01:50]} Nd5 {[%clk 00:51:32]} {[%emt 00:01:19]}
15. Bg3 {[%clk 00:46:44]} {[%emt 00:01:39]} f5 {[%clk 00:50:00]} {[%emt
00:01:42]} 16. Ng6 {[%clk 00:43:59]} {[%emt 00:02:54]} Rf6 {[%clk 00:49:40]}
{[%emt 00:00:31]} 17. Bxd6 {[%clk 00:43:03]} {[%emt 00:01:06]} Qxd6 {[%clk
00:49:25]} {[%emt 00:00:25]} 18. Ne5 {[%clk 00:41:44]} {[%emt 00:01:29]} c5
{[%clk 00:46:02]} {[%emt 00:03:33]} 19. Na3 {[%clk 00:33:57]} {[%emt 00:07:57]}
f4 {[%clk 00:41:32]} {[%emt 00:04:39]} 20. Nec4 {[%clk 00:31:46]} {[%emt
00:02:22]} Nxc4 {[%clk 00:41:27]} {[%emt 00:00:15]} 21. Bxc4 {[%clk 00:31:40]}
{[%emt 00:00:16]} Be6 {[%clk 00:40:25]} {[%emt 00:01:12]} 22. dxc5 {[%clk
00:25:09]} {[%emt 00:06:42]} Qxc5 {[%clk 00:40:23]} {[%emt 00:00:11]} 23. Qb3
{[%clk 00:22:05]} {[%emt 00:03:14]} f3 {[%clk 00:37:03]} {[%emt 00:03:30]} 24.
Qb5 {[%clk 00:18:15]} {[%emt 00:04:00]} Qxb5 {[%clk 00:34:39]} {[%emt
00:02:34]} 25. Nxb5 {[%clk 00:17:06]} {[%emt 00:01:20]} fxg2 {[%clk 00:34:34]}
{[%emt 00:00:14]} 26. Rfd1 {[%clk 00:16:09]} {[%emt 00:01:07]} Nf4 {[%clk
00:34:34]} {[%emt 00:00:09]} 27. Bxe6+ {[%clk 00:13:28]} {[%emt 00:02:52]} Rxe6
{[%clk 00:34:34]} {[%emt 00:00:10]} 28. Re1 {[%clk 00:10:13]} {[%emt 00:03:25]}
Rg6 {[%clk 00:33:20]} {[%emt 00:01:23]} 29. Re3 {[%clk 00:09:40]} {[%emt
00:00:44]} Rb8 {[%clk 00:33:11]} {[%emt 00:00:19]} 30. a4 {[%clk 00:07:54]}
{[%emt 00:01:56]} a6 {[%clk 00:33:07]} {[%emt 00:00:14]} 31. Nd4 {[%clk
00:07:41]} {[%emt 00:00:23]} Rxb2 {[%clk 00:33:07]} {[%emt 00:00:10]} 32. a5
{[%clk 00:03:55]} {[%emt 00:03:57]} h5 {[%clk 00:32:10]} {[%emt 00:01:06]} 33.
Nf5 {[%clk 00:01:54]} {[%emt 00:02:11]} Kf7 {[%clk 00:31:59]} {[%emt 00:00:20]}
34. Nd4 {[%clk 00:01:53]} {[%emt 00:00:13]} Kf6 {[%clk 00:31:12]} {[%emt
00:00:56]} 35. Rd1 {[%clk 00:01:26]} {[%emt 00:00:37]} h4 {[%clk 00:30:47]}
{[%emt 00:00:34]} 36. h3 {[%clk 00:00:40]} {[%emt 00:00:57]} Kf7 {[%clk
00:30:04]} {[%emt 00:00:53]} 37. Ra1 {[%clk 00:00:30]} {[%emt 00:00:21]} Rd2
{[%clk 00:29:59]} {[%emt 00:00:14]} 38. Rb1 {[%clk 00:00:27]} {[%emt 00:00:14]}
Ra2 {[%clk 00:29:59]} {[%emt 00:00:10]} 39. Rb7+ {[%clk 00:00:25]} {[%emt
00:00:11]} Kg8 {[%clk 00:30:01]} {[%emt 00:00:06]} 40. Rb8+ {[%clk 00:00:33]}
{[%emt 00:00:04]} Kh7 {[%clk 00:30:04]} {[%emt 00:00:07]} 41. Rb1 {[%clk
00:00:36]} {[%emt 00:00:07]} Rxa5 {[%clk 00:30:05]} {[%emt 00:00:08]} 42. Ne2
{[%clk 00:00:37]} {[%emt 00:00:10]} Nxe2+ {[%clk 00:29:54]} {[%emt 00:00:21]}
43. Rxe2 {[%clk 00:00:45]} {[%emt 00:00:01]} Re5 {[%clk 00:28:28]} {[%emt
00:01:36]} 44. Rbe1 {[%clk 00:00:50]} {[%emt 00:00:05]} Rge6 {[%clk 00:28:18]}
{[%emt 00:00:22]} 45. Kxg2 {[%clk 00:00:42]} {[%emt 00:00:17]} g5 {[%clk
00:28:04]} {[%emt 00:00:24]} 46. Ra2 {[%clk 00:00:31]} {[%emt 00:00:22]} Kg6
{[%clk 00:28:06]} {[%emt 00:00:07]} 47. c4 {[%clk 00:00:36]} {[%emt 00:00:05]}
Kf5 {[%clk 00:28:05]} {[%emt 00:00:10]} 48. Rc2 {[%clk 00:00:37]} {[%emt
00:00:10]} Rc5 {[%clk 00:28:10]} {[%emt 00:00:05]} 49. Ra1 {[%clk 00:00:33]}
{[%emt 00:00:14]} a5 {[%clk 00:27:35]} {[%emt 00:00:45]} 50. Rca2 {[%clk
00:00:22]} {[%emt 00:00:21]} Ra6 {[%clk 00:27:33]} {[%emt 00:00:11]} 51. Ra4
{[%clk 00:00:30]} {[%emt 00:00:04]} Kf4 {[%clk 00:27:20]} {[%emt 00:00:22]} 52.
Rd1 {[%clk 00:00:33]} {[%emt 00:00:06]} Ke5 {[%clk 00:26:40]} {[%emt 00:00:51]}
53. Rd2 {[%clk 00:00:37]} {[%emt 00:00:06]} Rd6 {[%clk 00:23:36]} {[%emt
00:03:13]} 54. Rda2 {[%clk 00:00:26]} {[%emt 00:00:22]} Ra6 {[%clk 00:23:10]}
{[%emt 00:00:36]} 55. Rd2 {[%clk 00:00:34]} {[%emt 00:00:02]} Rac6 {[%clk
00:22:26]} {[%emt 00:00:54]} 56. Rda2 {[%clk 00:00:39]} {[%emt 00:00:06]} Rxc4
{[%clk 00:22:17]} {[%emt 00:00:18]} 57. Rxa5+ {[%clk 00:00:25]} {[%emt
00:00:24]} R6c5 {[%clk 00:22:06]} {[%emt 00:00:21]} 58. Ra8 {[%clk 00:00:31]}
{[%emt 00:00:05]} Kd4 {[%clk 00:21:38]} {[%emt 00:00:37]} 59. Rd2+ {[%clk
00:00:30]} {[%emt 00:00:11]} Kc3 {[%clk 00:21:44]} {[%emt 00:00:04]} 60. Raa2
{[%clk 00:00:35]} {[%emt 00:00:05]} Rf5 {[%clk 00:21:22]} {[%emt 00:00:32]} 61.
Rac2+ {[%clk 00:00:22]} {[%emt 00:00:24]} Kb4 {[%clk 00:21:18]} {[%emt
00:00:12]} 62. Rb2+ {[%clk 00:00:31]} {[%emt 00:00:03]} Kc5 {[%clk 00:20:44]}
{[%emt 00:00:42]} 63. Ra2 {[%clk 00:00:40]} {[%emt 00:00:02]} Kb5 {[%clk
00:20:25]} {[%emt 00:00:29]} 64. Rab2+ {[%clk 00:00:48]} {[%emt 00:00:02]} Kc6
{[%clk 00:20:27]} {[%emt 00:00:08]} 65. Rb8 {[%clk 00:00:44]} {[%emt 00:00:14]}
Kc7 {[%clk 00:19:55]} {[%emt 00:00:40]} 66. Rdd8 {[%clk 00:00:43]} {[%emt
00:00:13]} Rfc5 {[%clk 00:18:55]} {[%emt 00:01:09]} 67. Rbc8+ {[%clk 00:00:36]}
{[%emt 00:00:18]} Kb7 {[%clk 00:17:20]} {[%emt 00:01:45]} 68. Rb8+ {[%clk
00:00:42]} {[%emt 00:00:04]} Kc6 {[%clk 00:17:00]} {[%emt 00:00:29]} 69. Rbc8+
{[%clk 00:00:48]} {[%emt 00:00:05]} Kb5 {[%clk 00:16:01]} {[%emt 00:01:09]} 70.
Rb8+ {[%clk 00:00:52]} {[%emt 00:00:06]} Ka4 {[%clk 00:15:35]} {[%emt
00:00:35]} 71. Rd1 {[%clk 00:00:49]} {[%emt 00:00:14]} Rc1 {[%clk 00:15:28]}
{[%emt 00:00:17]} 72. Rd7 {[%clk 00:00:53]} {[%emt 00:00:05]} 1/2-1/2

[Event "ABC 2025 Groep C"]
[Site "Utrecht"]
[Date "2025.03.16"]
[Round "7.2"]
[White "Lenting, Roan"]
[Black "Baarspul, Bram"]
[Result "1-0"]
[WhiteFideId "8885184"]
[BlackFideId "9026171"]
[WhiteElo "1983"]
[BlackElo "1995"]

1. e4 {[%clk 00:55:18]} {[%emt 00:00:02]} c5 {[%clk 00:55:17]} {[%emt
00:00:03]} 2. c3 {[%clk 00:55:24]} {[%emt 00:00:03]} d5 {[%clk 00:55:23]}
{[%emt 00:00:05]} 3. exd5 {[%clk 00:55:22]} {[%emt 00:00:12]} Qxd5 {[%clk
00:55:29]} {[%emt 00:00:04]} 4. d4 {[%clk 00:55:25]} {[%emt 00:00:07]} Nc6
{[%clk 00:55:32]} {[%emt 00:00:06]} 5. Nf3 {[%clk 00:55:30]} {[%emt 00:00:05]}
Bf5 {[%clk 00:55:36]} {[%emt 00:00:06]} 6. Be3 {[%clk 00:47:44]} {[%emt
00:07:56]} O-O-O {[%clk 00:54:14]} {[%emt 00:01:32]} 7. Nbd2 {[%clk 00:44:21]}
{[%emt 00:03:34]} cxd4 {[%clk 00:45:29]} {[%emt 00:08:55]} 8. cxd4 {[%clk
00:42:42]} {[%emt 00:01:49]} Nb4 {[%clk 00:39:28]} {[%emt 00:06:11]} 9. Bc4
{[%clk 00:36:22]} {[%emt 00:06:30]} Nd3+ {[%clk 00:39:19]} {[%emt 00:00:19]} 10.
Ke2 {[%clk 00:34:03]} {[%emt 00:02:29]} Nxb2 {[%clk 00:37:24]} {[%emt
00:02:05]} 11. Bxd5 {[%clk 00:32:46]} {[%emt 00:01:27]} Nxd1 {[%clk 00:36:54]}
{[%emt 00:00:41]} 12. Bxb7+ {[%clk 00:28:26]} {[%emt 00:04:29]} Kxb7 {[%clk
00:37:01]} {[%emt 00:00:03]} 13. Rhxd1 {[%clk 00:27:50]} {[%emt 00:00:46]} f6
{[%clk 00:35:20]} {[%emt 00:01:51]} 14. Nh4 {[%clk 00:26:00]} {[%emt 00:02:00]}
Bd7 {[%clk 00:34:08]} {[%emt 00:01:21]} 15. Rab1+ {[%clk 00:25:54]} {[%emt
00:00:18]} Ka8 {[%clk 00:33:15]} {[%emt 00:01:03]} 16. Rdc1 {[%clk 00:24:14]}
{[%emt 00:01:48]} g5 {[%clk 00:32:55]} {[%emt 00:00:30]} 17. Nhf3 {[%clk
00:14:54]} {[%emt 00:09:30]} Rc8 {[%clk 00:31:42]} {[%emt 00:01:24]} 18. d5
{[%clk 00:13:29]} {[%emt 00:01:36]} Nh6 {[%clk 00:30:51]} {[%emt 00:01:00]} 19.
Rxc8+ {[%clk 00:11:44]} {[%emt 00:01:55]} Bxc8 {[%clk 00:31:00]} {[%emt
00:00:02]} 20. Rc1 {[%clk 00:11:25]} {[%emt 00:00:29]} Bb7 {[%clk 00:30:11]}
{[%emt 00:00:59]} 21. Nb3 {[%clk 00:09:23]} {[%emt 00:02:11]} Bxd5 {[%clk
00:27:07]} {[%emt 00:03:14]} 22. Na5 {[%clk 00:09:11]} {[%emt 00:00:23]} Kb8
{[%clk 00:24:42]} {[%emt 00:02:34]} 23. Nd4 {[%clk 00:07:15]} {[%emt 00:02:06]}
e5 {[%clk 00:13:11]} {[%emt 00:11:41]} 24. Nb5 {[%clk 00:06:55]} {[%emt
00:00:31]} Bb4 {[%clk 00:11:48]} {[%emt 00:01:32]} 25. Nc6+ {[%clk 00:06:00]}
{[%emt 00:01:06]} Bxc6 {[%clk 00:11:55]} {[%emt 00:00:03]} 26. Rxc6 {[%clk
00:06:07]} {[%emt 00:00:02]} Rf8 {[%clk 00:09:50]} {[%emt 00:02:15]} 27. Bxa7+
{[%clk 00:05:20]} {[%emt 00:00:58]} Kb7 {[%clk 00:09:20]} {[%emt 00:00:39]} 28.
Rc7+ {[%clk 00:05:15]} {[%emt 00:00:15]} Ka6 {[%clk 00:09:28]} {[%emt
00:00:02]} 29. a4 {[%clk 00:05:18]} {[%emt 00:00:07]} Rf7 {[%clk 00:08:58]}
{[%emt 00:00:40]} 30. Rc4 {[%clk 00:04:32]} {[%emt 00:00:56]} Ka5 {[%clk
00:08:27]} {[%emt 00:00:41]} 31. Be3 {[%clk 00:03:41]} {[%emt 00:01:01]} Kxa4
{[%clk 00:07:47]} {[%emt 00:00:51]} 32. Nc7 {[%clk 00:03:26]} {[%emt 00:00:25]}
Kb3 {[%clk 00:07:31]} {[%emt 00:00:25]} 33. Rc6 {[%clk 00:03:20]} {[%emt
00:00:16]} Ng4 {[%clk 00:07:04]} {[%emt 00:00:37]} 34. Nd5 {[%clk 00:03:05]}
{[%emt 00:00:26]} Be7 {[%clk 00:05:04]} {[%emt 00:02:10]} 35. Rc7 {[%clk
00:03:05]} {[%emt 00:00:10]} h5 {[%clk 00:03:29]} {[%emt 00:01:44]} 36. Rxe7
{[%clk 00:03:00]} {[%emt 00:00:15]} Rf8 {[%clk 00:03:34]} {[%emt 00:00:05]} 37.
h3 {[%clk 00:02:36]} {[%emt 00:00:34]} Nxe3 {[%clk 00:03:36]} {[%emt 00:00:08]}
38. Nxe3 {[%clk 00:02:45]} {[%emt 00:00:02]} Kc3 {[%clk 00:03:25]} {[%emt
00:00:21]} 39. g3 {[%clk 00:02:37]} {[%emt 00:00:17]} Kb4 {[%clk 00:03:15]}
{[%emt 00:00:19]} 40. Rh7 {[%clk 00:02:39]} {[%emt 00:00:08]} Kc5 {[%clk
00:02:59]} {[%emt 00:00:27]} 41. Rxh5 {[%clk 00:02:38]} {[%emt 00:00:11]} Kd6
{[%clk 00:02:59]} {[%emt 00:00:10]} 42. Rh7 {[%clk 00:02:46]} {[%emt 00:00:03]}
Ke6 {[%emt 00:00:04]} 43. g4 {[%clk 00:02:52]} {[%emt 00:00:02]} Kd6 {[%clk
00:03:06]} {[%emt 00:00:09]} 44. Nf5+ {[%clk 00:03:01]} {[%emt 00:00:02]} Ke6
{[%clk 00:03:14]} {[%emt 00:00:02]} 45. Ke3 {[%clk 00:03:07]} {[%emt 00:00:05]}
Kd5 {[%clk 00:03:22]} 46. Rd7+ {[%clk 00:03:14]} {[%emt 00:00:03]} Ke6 {[%clk
00:03:22]} {[%emt 00:00:10]} 47. Ra7 {[%clk 00:03:20]} {[%emt 00:00:04]} Kd5
{[%clk 00:03:30]} {[%emt 00:00:02]} 48. Ra6 {[%clk 00:03:23]} {[%emt 00:00:07]}
Rh8 {[%clk 00:03:30]} {[%emt 00:00:10]} 49. Rxf6 {[%clk 00:03:22]} {[%emt
00:00:12]} Rxh3+ {[%clk 00:03:38]} {[%emt 00:00:02]} 50. f3 {[%clk 00:03:28]}
{[%emt 00:00:03]} e4 {[%clk 00:03:18]} {[%emt 00:00:30]} 51. Nd4 {[%clk
00:02:57]} {[%emt 00:00:41]} exf3 {[%clk 00:03:13]} {[%emt 00:00:16]} 52. Nxf3
{[%clk 00:02:56]} {[%emt 00:00:11]} Rg3 {[%clk 00:03:06]} {[%emt 00:00:16]} 53.
Rf5+ {[%clk 00:03:05]} {[%emt 00:00:02]} Ke6 {[%clk 00:03:11]} {[%emt
00:00:03]} 54. Rxg5 {[%clk 00:03:12]} {[%emt 00:00:04]} Kf6 {[%clk 00:03:14]}
{[%emt 00:00:07]} 55. Rf5+ {[%clk 00:03:12]} {[%emt 00:00:10]} Kg6 {[%clk
00:03:17]} {[%emt 00:00:07]} 56. Kf4 {[%clk 00:03:19]} {[%emt 00:00:03]} Rh3
{[%clk 00:03:19]} {[%emt 00:00:06]} 57. Ra5 {[%clk 00:03:26]} {[%emt 00:00:06]}
Kf6 {[%clk 00:03:21]} {[%emt 00:00:07]} 58. Ra6+ {[%clk 00:03:34]} {[%emt
00:00:02]} Kg7 {[%clk 00:03:29]} {[%emt 00:00:03]} 59. g5 {[%clk 00:03:35]}
{[%emt 00:00:09]} Kf7 {[%clk 00:03:35]} {[%emt 00:00:02]} 60. Ne5+ {[%clk
00:03:40]} {[%emt 00:00:07]} Kg7 {[%clk 00:03:41]} {[%emt 00:00:04]} 61. Ra7+
{[%clk 00:03:49]} {[%emt 00:00:01]} Kf8 {[%clk 00:03:46]} {[%emt 00:00:02]} 62.
Kf5 {[%clk 00:03:57]} {[%emt 00:00:06]} Kg8 {[%clk 00:03:50]} {[%emt 00:00:04]}
63. Kf6 {[%clk 00:03:54]} {[%emt 00:00:14]} Rc3 {[%clk 00:03:46]} {[%emt
00:00:14]} 64. Ra8+ {[%clk 00:03:59]} {[%emt 00:00:05]} Kh7 {[%clk 00:03:54]}
{[%emt 00:00:02]} 65. g6+ {[%clk 00:04:08]} {[%emt 00:00:02]} 1-0

[Event "ABC 2025 Groep C"]
[Site "Utrecht"]
[Date "2025.03.16"]
[Round "7.3"]
[White "Kakrana, Reyansh"]
[Black "Margaryan, Aren"]
[Result "1-0"]
[WhiteFideId "8853900"]
[BlackFideId "8994645"]
[WhiteElo "1785"]
[BlackElo "1889"]

1. e4 {[%clk 00:55:18]} {[%emt 00:00:02]} e5 {[%clk 00:55:13]} {[%emt
00:00:07]} 2. Nf3 {[%clk 00:55:25]} {[%emt 00:00:03]} Nc6 {[%clk 00:55:17]}
{[%emt 00:00:07]} 3. Bb5 {[%clk 00:55:31]} {[%emt 00:00:04]} Nf6 {[%clk
00:55:18]} {[%emt 00:00:08]} 4. d3 {[%clk 00:55:32]} {[%emt 00:00:09]} d6
{[%clk 00:55:18]} {[%emt 00:00:10]} 5. O-O {[%clk 00:55:18]} {[%emt 00:00:25]}
a6 {[%clk 00:55:04]} {[%emt 00:00:24]} 6. Ba4 {[%clk 00:55:24]} {[%emt
00:00:04]} b5 {[%clk 00:55:06]} {[%emt 00:00:07]} 7. Bb3 {[%clk 00:55:30]}
{[%emt 00:00:04]} Na5 {[%clk 00:55:07]} {[%emt 00:00:09]} 8. c3 {[%clk
00:54:19]} {[%emt 00:01:22]} Nxb3 {[%clk 00:54:54]} {[%emt 00:00:23]} 9. axb3
{[%clk 00:54:23]} {[%emt 00:00:06]} Be7 {[%clk 00:54:24]} {[%emt 00:00:39]} 10.
Re1 {[%clk 00:53:43]} {[%emt 00:00:51]} Bb7 {[%clk 00:53:53]} {[%emt 00:00:41]}
11. Nbd2 {[%clk 00:52:20]} {[%emt 00:01:33]} O-O {[%clk 00:52:28]} {[%emt
00:01:34]} 12. Qc2 {[%clk 00:47:04]} {[%emt 00:05:26]} Re8 {[%clk 00:50:38]}
{[%emt 00:02:00]} 13. Nf1 {[%clk 00:44:47]} {[%emt 00:02:27]} Bf8 {[%clk
00:47:15]} {[%emt 00:03:33]} 14. b4 {[%clk 00:40:29]} {[%emt 00:04:29]} h6
{[%clk 00:46:01]} {[%emt 00:01:23]} 15. Ng3 {[%clk 00:37:25]} {[%emt 00:03:14]}
g6 {[%clk 00:44:15]} {[%emt 00:01:56]} 16. h3 {[%clk 00:35:23]} {[%emt
00:02:13]} Qd7 {[%clk 00:41:43]} {[%emt 00:02:42]} 17. Be3 {[%clk 00:29:34]}
{[%emt 00:05:58]} Rad8 {[%clk 00:39:54]} {[%emt 00:01:59]} 18. Rad1 {[%clk
00:22:37]} {[%emt 00:07:08]} Qc6 {[%clk 00:37:48]} {[%emt 00:02:16]} 19. Nd2
{[%clk 00:20:01]} {[%emt 00:02:47]} d5 {[%clk 00:36:45]} {[%emt 00:01:12]} 20.
Qb3 {[%clk 00:10:15]} {[%emt 00:09:56]} d4 {[%clk 00:35:12]} {[%emt 00:01:43]}
21. cxd4 {[%clk 00:10:12]} {[%emt 00:00:13]} exd4 {[%clk 00:35:19]} {[%emt
00:00:04]} 22. Bf4 {[%clk 00:10:08]} {[%emt 00:00:13]} g5 {[%clk 00:35:21]}
{[%emt 00:00:08]} 23. Rc1 {[%clk 00:09:41]} {[%emt 00:00:37]} Qe6 {[%clk
00:33:40]} {[%emt 00:01:50]} 24. Bxc7 {[%clk 00:07:41]} {[%emt 00:02:11]} Rc8
{[%clk 00:33:09]} {[%emt 00:00:41]} 25. Qxe6 {[%clk 00:05:53]} {[%emt
00:01:59]} Rxe6 {[%clk 00:30:39]} {[%emt 00:02:39]} 26. Ba5 {[%clk 00:06:02]}
{[%emt 00:00:02]} Rec6 {[%clk 00:27:32]} {[%emt 00:03:16]} 27. Nb3 {[%clk
00:06:10]} {[%emt 00:00:02]} Rxc1 {[%clk 00:26:05]} {[%emt 00:01:38]} 28. Rxc1
{[%clk 00:06:18]} {[%emt 00:00:02]} Rxc1+ {[%clk 00:26:13]} {[%emt 00:00:02]}
29. Nxc1 {[%clk 00:06:26]} {[%emt 00:00:01]} Nd7 {[%clk 00:26:04]} {[%emt
00:00:19]} 30. Nf5 {[%clk 00:05:43]} {[%emt 00:00:53]} Bg7 {[%clk 00:25:18]}
{[%emt 00:00:56]} 31. Kf1 {[%clk 00:05:44]} {[%emt 00:00:09]} Be5 {[%clk
00:24:18]} {[%emt 00:01:11]} 32. Nxh6+ {[%clk 00:05:31]} {[%emt 00:00:23]} Kg7
{[%clk 00:24:16]} {[%emt 00:00:11]} 33. Nf5+ {[%clk 00:05:36]} {[%emt
00:00:04]} Kf6 {[%clk 00:24:09]} {[%emt 00:00:18]} 34. Nb3 {[%clk 00:05:01]}
{[%emt 00:00:46]} Bxe4 {[%clk 00:22:01]} {[%emt 00:02:17]} 35. dxe4 {[%clk
00:04:58]} {[%emt 00:00:13]} d3 {[%clk 00:22:03]} {[%emt 00:00:08]} 36. Ke1
{[%clk 00:03:57]} {[%emt 00:01:11]} Bxb2 {[%clk 00:21:40]} {[%emt 00:00:33]} 37.
Kd2 {[%clk 00:04:05]} {[%emt 00:00:02]} Ne5 {[%clk 00:21:36]} {[%emt 00:00:14]}
38. Ne3 {[%clk 00:03:57]} {[%emt 00:00:18]} Kg6 {[%clk 00:20:22]} {[%emt
00:01:24]} 39. Nc5 {[%clk 00:03:51]} {[%emt 00:00:15]} Ba3 {[%clk 00:20:06]}
{[%emt 00:00:26]} 40. Nxd3 {[%clk 00:03:50]} {[%emt 00:00:12]} Nc6 {[%clk
00:20:03]} {[%emt 00:00:13]} 41. Nc2 {[%clk 00:03:08]} {[%emt 00:00:52]} Nxa5
{[%clk 00:20:02]} {[%emt 00:00:11]} 42. bxa5 {[%clk 00:03:16]} {[%emt
00:00:02]} Bd6 {[%clk 00:19:56]} {[%emt 00:00:17]} 43. Ncb4 {[%clk 00:03:20]}
{[%emt 00:00:05]} Bc7 {[%clk 00:19:55]} {[%emt 00:00:11]} 44. Nxa6 {[%clk
00:03:09]} {[%emt 00:00:21]} Bxa5+ {[%clk 00:20:02]} {[%emt 00:00:03]} 45. Nab4
{[%clk 00:03:17]} {[%emt 00:00:02]} Kf6 {[%clk 00:19:54]} {[%emt 00:00:15]} 46.
Ke2 {[%clk 00:03:13]} {[%emt 00:00:17]} Ke6 {[%clk 00:19:56]} {[%emt 00:00:08]}
47. Ke3 {[%clk 00:02:25]} {[%emt 00:00:58]} 1-0